00379nam a2200121Ia 4500008004100000100002300041245006500064260001800129300000800147942000700155999001700162952007800179201231s9999 xx 000 0 und d aDupuy, Rene - Jean 4aThe University teaching of social sciences International Law aParisbUNESCO a154 cBK c10100d10100 00104070aCLd2020-12-31o341 D945pPM05675r2020-12-31w2020-12-31yBK